3-Word TV Shows (A-Y) Quiz Stats

Quiz Updated May 3, 2013

Challenge
Share
Tweet
Score 0/25 Timer 06:00
6 Plays Today
% Correct
Dora the Explorer
95%
That 70s Show
85%
I Love Lucy
84.9%
Wheel of Fortune
83.5%
Parks and Recreation
75.8%
Murder, She Wrote
73.4%
Xena: Warrior Princess
73.1%
Friday Night Lights
73%
Law & Order
73%
Game of Thrones
72.6%
Boy Meets World
72.3%
Curb Your Enthusiasm
69.6%
Everybody Hates Chris
66.7%
% Correct
Jimmy Kimmel Live
60.2%
Hot in Cleveland
57.1%
One Tree Hill
43.8%
NCIS: Los Angeles
43.5%
Rules of Engagement
41.5%
American Horror Story
38.6%
Queer as Folk
36.2%
Yo Gabba Gabba
32.4%
Six Feet Under
30.9%
Up All Night
29.2%
Keeping Up Appearances
20.3%
Viva La Bam
14.5%

You're not logged in!

Compare scores with friends on all Sporcle quizzes.
Join for Free
OR
Log In

You Might Also Like...

Show Comments

Extras

Top Quizzes Today


Score Distribution

Your Account Isn't Verified!

In order to create a playlist on Sporcle, you need to verify the email address you used during registration. Go to your Sporcle Settings to finish the process.

Report this User

Report this user for behavior that violates our Community Guidelines.

Details: